[Event "Mexico City Fenamac-A 3rd"]
[Site "Mexico City"]
[Date "2021.07.25"]
[Round "8"]
[White "Garcia Guerrero, Isaac Antonio"]
[Black "Sanchez Enriquez, Oscar Gerardo"]
[Result "1-0"]
[WhiteElo "2311"]
[BlackElo "2324"]
[PlyCount "63"]
[EventDate "2021.07.21"]
[EventType "tourn"]
[EventRounds "9"]
[EventCountry "MEX"]
[EventCategory "2"]
[SourceTitle "CBM 203 Extra"]
[Source "ChessBase"]
[SourceDate "2021.09.30"]
[SourceVersion "1"]
[SourceVersionDate "2021.09.30"]
[SourceQuality "1"]

1. Nf3 Nc6 2. d4 d5 3. Bf4 Bg4 4. Nbd2 e6 5. c3 Bd6 6. Bg3 Nge7 7. e4 Bxg3 8. hxg3 e5 9. dxe5 Nxe5 10. Qa4+ Qd7 11. Bb5 Nxf3+ 12. gxf3 c6 13. Bxc6 Nxc6 14. fxg4 Qxg4 15. Rh4 Qe6 16. Nb3 0-0 17. 0-0-0 Rad8 18. Nd4 Qg6 19. Nf5 Rfe8 20. f3 dxe4 21. Rxd8 Rxd8 22. Qxe4 Qg5+ 23. f4 Qg6 24. Rh1 Qf6 25. Re1 Kf8 26. g4 g6 27. Nh6 b5 28. g5 Qd6 29. Ng4 f5 30. gxf6 h5 31. Ne5 Qd2+ 32. Kb1 1-0

[Event "Mexico City Fenamac-A 3rd"]
[Site "Mexico City"]
[Date "2021.07.24"]
[Round "6"]
[White "Garcia Guerrero, Isaac Antonio"]
[Black "Benitez Lozano, Javier"]
[Result "0-1"]
[WhiteElo "2311"]
[BlackElo "2340"]
[PlyCount "52"]
[EventDate "2021.07.21"]
[EventType "tourn"]
[EventRounds "9"]
[EventCountry "MEX"]
[EventCategory "2"]
[SourceTitle "CBM 203 Extra"]
[Source "ChessBase"]
[SourceDate "2021.09.30"]
[SourceVersion "1"]
[SourceVersionDate "2021.09.30"]
[SourceQuality "1"]

1. d4 Nf6 2. c4 e6 3. Nc3 Bb4 4. a3 Bxc3+ 5. bxc3 d6 6. f3 b6 7. e4 Nc6 8. Bd3 Na5 9. Bg5 h6 10. Bh4 g5 11. Bf2 Ba6 12. h4 g4 13. f4 Qd7 14. e5 dxe5 15. fxe5 Qc6 16. Ne2 Ne4 17. 0-0 Nxc4 18. d5 Nxf2 19. Rxf2 Qxd5 20. Nf4 Qc5 21. Bg6 fxg6 22. Nxe6 Qxe5 23. Qf1 Qxe6 24. Re1 Ne5 25. Rf6 Bxf1 26. Rxe6+ Kd7 0-1

[Event "Mexico City Fenamac-A 3rd"]
[Site "Mexico City"]
[Date "2021.07.24"]
[Round "7"]
[White "Medina Diaz, Rafael Alejandro"]
[Black "Garcia Guerrero, Isaac Antonio"]
[Result "1/2-1/2"]
[WhiteElo "2299"]
[BlackElo "2311"]
[PlyCount "58"]
[EventDate "2021.07.21"]
[EventType "tourn"]
[EventRounds "9"]
[EventCountry "MEX"]
[EventCategory "2"]
[SourceTitle "CBM 203 Extra"]
[Source "ChessBase"]
[SourceDate "2021.09.30"]
[SourceVersion "1"]
[SourceVersionDate "2021.09.30"]
[SourceQuality "1"]

1. e4 g6 2. d4 Bg7 3. Nc3 d5 4. exd5 Nf6 5. Bb5+ Nbd7 6. Nge2 0-0 7. Bxd7 Qxd7 8. Nf4 b5 9. a3 Bb7 10. 0-0 Nxd5 11. Nfxd5 Bxd5 12. Nxd5 Qxd5 13. c3 c5 14. dxc5 Qxc5 15. Be3 Qc6 16. a4 a6 17. axb5 axb5 18. Ra4 Ra7 19. Rxa7 Rd8 20. Ra8 Rxa8 21. Qb3 Qc4 22. Qxc4 bxc4 23. Rd1 f5 24. f4 Ra2 25. Bd4 Bh6 26. Be5 Rxb2 27. Rd4 g5 28. Rxc4 g4 29. g3 Rb6 1/2-1/2

[Event "Mexico City Fenamac-A 3rd"]
[Site "Mexico City"]
[Date "2021.07.21"]
[Round "1"]
[White "Garcia Guerrero, Isaac Antonio"]
[Black "Schwartz, Ylon"]
[Result "1-0"]
[WhiteElo "2311"]
[BlackElo "2258"]
[PlyCount "83"]
[EventDate "2021.07.21"]
[EventType "tourn"]
[EventRounds "9"]
[EventCountry "MEX"]
[EventCategory "2"]
[SourceTitle "CBM 203 Extra"]
[Source "ChessBase"]
[SourceDate "2021.09.30"]
[SourceVersion "1"]
[SourceVersionDate "2021.09.30"]
[SourceQuality "1"]

1. c4 e6 2. g3 f5 3. Bg2 Nf6 4. Nf3 Be7 5. 0-0 0-0 6. d3 d6 7. b4 a5 8. b5 Nbd7 9. Ng5 Nc5 10. d4 Ng4 11. Nh3 Nd7 12. e4 Nb6 13. exf5 exf5 14. Nf4 Kh8 15. Re1 Bf6 16. h3 Nh6 17. Qd3 Re8 18. Rd1 Nf7 19. Nc3 Ng5 20. Be3 g6 21. Nfd5 f4 22. Nxf4 Bf5 23. Qf1 Ne4 24. Nxe4 Bxe4 25. Rac1 c6 26. d5 Bxg2 27. Qxg2 c5 28. Ne6 Qd7 29. Qf3 Qe7 30. Kg2 Nd7 31. h4 Nf8 32. Ng5 h6 33. Nh3 Kg7 34. Re1 Be5 35. Nf4 Qf7 36. Qg4 Kh7 37. h5 g5 38. Nd3 Nd7 39. f4 gxf4 40. Bxf4 Rg8 41. Qe6 Raf8 42. Qxh6# 1-0

[Event "Mexico City Fenamac-A"]
[Site "Mexico City"]
[Date "2021.07.04"]
[Round "8"]
[White "Garcia Guerrero, Isaac Antonio"]
[Black "Benitez Lozano, Javier"]
[Result "1-0"]
[WhiteElo "2311"]
[BlackElo "2375"]
[PlyCount "81"]
[EventDate "2021.06.30"]
[EventType "tourn"]
[EventRounds "9"]
[EventCountry "MEX"]
[EventCategory "4"]
[SourceTitle "CBM 203 Extra"]
[Source "ChessBase"]
[SourceDate "2021.09.30"]
[SourceVersion "1"]
[SourceVersionDate "2021.09.30"]
[SourceQuality "1"]

1. Nf3 Nf6 2. g3 d5 3. Bg2 e6 4. 0-0 Be7 5. c4 0-0 6. d4 dxc4 7. Qa4 a6 8. Qxc4 b5 9. Qc2 Bb7 10. Bd2 Bd6 11. Rc1 Qe7 12. Bf4 Nbd7 13. Nbd2 Rac8 14. Nb3 Be4 15. Qd2 Nb6 16. Ne5 Bxg2 17. Kxg2 Bxe5 18. dxe5 Nfd7 19. Bg5 Qe8 20. Qd4 h6 21. Bd2 Qd8 22. Bb4 Re8 23. Nc5 Nxc5 24. Bxc5 Qxd4 25. Bxd4 Nd7 26. Rc6 Nb8 27. Rc2 c6 28. Rac1 Re7 29. Bc5 Rb7 30. Bd6 a5 31. f4 Kh7 32. Kf3 Kg6 33. e4 h5 34. h3 Rd7 35. Ke3 Kh7 36. g4 hxg4 37. hxg4 Kg8 38. f5 exf5 39. gxf5 c5 40. Rh1 f6 41. Rch2 1-0

[Event "Mexico City Fenamac-A"]
[Site "Mexico City"]
[Date "2021.07.04"]
[Round "9"]
[White "Sanchez Enriquez, Oscar Gerardo"]
[Black "Garcia Guerrero, Isaac Antonio"]
[Result "0-1"]
[WhiteElo "2324"]
[BlackElo "2311"]
[PlyCount "94"]
[EventDate "2021.06.30"]
[EventType "tourn"]
[EventRounds "9"]
[EventCountry "MEX"]
[EventCategory "4"]
[SourceTitle "CBM 203 Extra"]
[Source "ChessBase"]
[SourceDate "2021.09.30"]
[SourceVersion "1"]
[SourceVersionDate "2021.09.30"]
[SourceQuality "1"]

1. d4 Nf6 2. c4 e6 3. Nc3 Bb4 4. Qc2 0-0 5. Nf3 b6 6. Bg5 h6 7. Bh4 Bb7 8. e3 c5 9. dxc5 bxc5 10. Rd1 Qe7 11. Be2 Rd8 12. 0-0 Nc6 13. h3 Bxc3 14. bxc3 d6 15. e4 e5 16. Nd2 g5 17. Bg3 Qc7 18. Rfe1 Ne7 19. Bd3 Ng6 20. Nf1 Nf4 21. f3 N6h5 22. Bf2 Bc8 23. Ne3 Be6 24. Bf1 Rab8 25. Rd2 Nf6 26. Red1 Rb6 27. Kh2 Ng6 28. Nf5 Bxf5 29. exf5 Nf8 30. Kh1 N8h7 31. Bd3 Rdb8 32. Be4 Kg7 33. Qd3 a5 34. Qe3 Nxe4 35. Qxe4 Nf6 36. Qe3 Rb1 37. g4 Rxd1+ 38. Rxd1 Rb6 39. h4 Qb7 40. Kg1 Rb1 41. Rxb1 Qxb1+ 42. Kg2 e4 43. hxg5 exf3+ 44. Kg3 Ne4+ 45. Kxf3 Qh1+ 46. Ke2 hxg5 47. Qf3 Qb1 0-1

[Event "Mexico City Fenamac-A"]
[Site "Mexico City"]
[Date "2021.07.02"]
[Round "5"]
[White "Garcia Guerrero, Isaac Antonio"]
[Black "Otero Acosta, Diasmany"]
[Result "1/2-1/2"]
[WhiteElo "2311"]
[BlackElo "2370"]
[PlyCount "61"]
[EventDate "2021.06.30"]
[EventType "tourn"]
[EventRounds "9"]
[EventCountry "MEX"]
[EventCategory "4"]
[SourceTitle "CBM 203 Extra"]
[Source "ChessBase"]
[SourceDate "2021.09.30"]
[SourceVersion "1"]
[SourceVersionDate "2021.09.30"]
[SourceQuality "1"]

1. c4 b6 2. Nc3 Bb7 3. e4 e6 4. Nge2 Nf6 5. d3 c5 6. g3 d5 7. exd5 exd5 8. Bg2 Qd7 9. 0-0 d4 10. Ne4 Nxe4 11. dxe4 Nc6 12. Nf4 Ne5 13. b3 b5 14. cxb5 Bd6 15. a4 0-0 16. b4 a6 17. bxc5 Bxc5 18. Rb1 d3 19. Bb2 Bd4 20. Nd5 Bxb2 21. Rxb2 axb5 22. axb5 Bxd5 23. exd5 Rab8 24. Re1 Rfe8 25. Rb4 Rxb5 26. Rbe4 Rxd5 27. Qd2 Rc5 28. Qe3 d2 29. Rd1 Rc1 30. Rxc1 dxc1R+ 31. Qxc1 1/2-1/2

[Event "Mexico City Fenamac-A"]
[Site "Mexico City"]
[Date "2021.07.02"]
[Round "4"]
[White "Tapie Amione, Pablo Adib"]
[Black "Garcia Guerrero, Isaac Antonio"]
[Result "0-1"]
[WhiteElo "2290"]
[BlackElo "2311"]
[PlyCount "80"]
[EventDate "2021.06.30"]
[EventType "tourn"]
[EventRounds "9"]
[EventCountry "MEX"]
[EventCategory "4"]
[SourceTitle "CBM 203 Extra"]
[Source "ChessBase"]
[SourceDate "2021.09.30"]
[SourceVersion "1"]
[SourceVersionDate "2021.09.30"]
[SourceQuality "1"]

1. e4 c5 2. Nf3 Nc6 3. Bb5 e6 4. 0-0 Nge7 5. Re1 Nd4 6. Nxd4 cxd4 7. c3 Qb6 8. Qb3 Ng6 9. d3 Bc5 10. cxd4 Bxd4 11. Be3 Bxe3 12. fxe3 Qa5 13. Na3 0-0 14. Qa4 Qxa4 15. Bxa4 a6 16. Rac1 b5 17. Bb3 Bb7 18. Rc5 Rfc8 19. Rec1 Ne5 20. Rxc8+ Rxc8 21. Rd1 Kf8 22. h3 Ke7 23. Kf2 b4 24. Nc2 a5 25. Ne1 d6 26. Rd2 Nd7 27. Bd1 Rc1 28. a3 bxa3 29. bxa3 Ra1 30. Nc2 Ra2 31. Bf3 Nc5 32. e5 dxe5 33. Bxb7 Nxb7 34. d4 Nd6 35. Kf3 exd4 36. Ke2 Nc4 37. Rxd4 Rxc2+ 38. Kd3 Nxa3 39. Ra4 Ra2 40. Rxa5 Rd2+ 0-1

[Event "FIDE World Cup Mexico Qual"]
[Site "Mexico City"]
[Date "2021.05.30"]
[Round "8"]
[White "Luna Javier, Edgar Froylan"]
[Black "Garcia Guerrero, Isaac Antonio"]
[Result "0-1"]
[WhiteElo "2141"]
[BlackElo "2322"]
[PlyCount "58"]
[EventDate "2021.05.26"]
[EventType "swiss"]
[EventRounds "9"]
[EventCountry "MEX"]
[SourceTitle "CBM 202 Extra"]
[Source "ChessBase"]
[SourceDate "2021.07.31"]
[SourceVersion "1"]
[SourceVersionDate "2021.07.31"]
[SourceQuality "1"]

1. d4 d5 2. g3 Nf6 3. Bg2 g6 4. c4 c6 5. b3 Bg7 6. Nf3 0-0 7. 0-0 a5 8. Nc3 Ne4 9. Bb2 a4 10. cxd5 a3 11. Nxe4 axb2 12. Rb1 Bf5 13. Nh4 Bxe4 14. Bxe4 cxd5 15. Bg2 Rxa2 16. e3 Nc6 17. f4 Qa5 18. Rf2 Qc3 19. Qd2 Qxb3 20. Bf1 e6 21. Ng2 Rfa8 22. h4 b5 23. g4 b4 24. Kh2 Qc3 25. Bb5 Nxd4 26. exd4 Bxd4 27. Re2 Ra1 28. Qxb2 Rxb1 29. Qxb1 Ra3 0-1

[Event "FIDE World Cup Mexico Qual"]
[Site "Mexico City"]
[Date "2021.05.28"]
[Round "4"]
[White "Quiroga Jaquez, Angel Ivan"]
[Black "Garcia Guerrero, Isaac Antonio"]
[Result "1/2-1/2"]
[WhiteElo "2242"]
[BlackElo "2322"]
[PlyCount "48"]
[EventDate "2021.05.26"]
[EventType "swiss"]
[EventRounds "9"]
[EventCountry "MEX"]
[SourceTitle "CBM 202 Extra"]
[Source "ChessBase"]
[SourceDate "2021.07.31"]
[SourceVersion "1"]
[SourceVersionDate "2021.07.31"]
[SourceQuality "1"]

1. d4 d5 2. c4 e6 3. Nc3 Bb4 4. Nf3 Nf6 5. Bd2 0-0 6. e3 b6 7. cxd5 exd5 8. Bd3 Be7 9. 0-0 c5 10. Ne5 Ba6 11. Qe2 Qc8 12. Rac1 Bxd3 13. Qxd3 c4 14. Qe2 Qb7 15. e4 dxe4 16. Qxc4 Nbd7 17. Nc6 Rfe8 18. Nb5 Nf8 19. Bb4 Bxb4 20. Qxb4 Nd5 21. Qb3 Nf4 22. Qe3 Nd5 23. Qb3 Nf4 24. Qe3 Nd5 1/2-1/2